| 000 | 00000nam 2200000za 4500 |
| 001 | 9.858156 |
| 003 | CaOODSP |
| 005 | 20240501145127 |
| 007 | cr ||||||||||| |
| 008 | 180626s2018 onc o f000 0 eng d |
| 020 | |a978-0-660-27020-3 |
| 040 | |aCaOODSP|beng |
| 043 | |an-cn--- |
| 086 | 1 |aBT22-212/2018E-PDF |
| 245 | 00|aCabinet directive on regulation |h[electronic resource]. |
| 260 | |aOttawa : |bTreasury Board of Canada, Secretariat, |c2018. |
| 300 | |a21 p. |
| 500 | |a"Published: 2018-07-13." |
| 500 | |aTitle from cover. |
| 500 | |aIssued also in HTML format. |
| 500 | |aIssued also in French under title: Directive du Cabinet sur la réglementation. |
| 520 | |a"The Cabinet Directive on Regulation (the directive) sets out the Government of Canada’s expectations and requirements in the development, management, and review of federal regulations"--Purpose, p. 1. |
| 692 | 07|2gccst|aGovernment policy |
| 692 | 07|2gccst|aRegulations |
| 692 | 07|2gccst|aFederal government |
| 710 | 1 |aCanada. |bTreasury Board. |
| 775 | 08|tDirective du Cabinet sur la réglementation |w(CaOODSP)9.858157 |
| 794 | |tCabinet directive on regulation.|b(2024-04-01)|w(CaOODSP)9.936829 |
| 856 | 40|qPDF|s201 KB|uhttps://publications.gc.ca/collections/collection_2018/sct-tbs/BT22-212-2018-eng.pdf |
| 856 | 4 |qHTML|sN/A|uhttps://www.canada.ca/en/government/system/laws/developing-improving-federal-regulations/requirements-developing-managing-reviewing-regulations/guidelines-tools/cabinet-directive-regulation.html |